00788agaaa2200205 45000010005000000030009000050050017000140070009000310080040000400400023000801000041001031300035001442450127001792500022003062600085003283000034004135380016004476500065004637000054005288791IT-RoPAU20220918181303.0d cvaizq50131s9999||||xx ||| | || ||und|| aIT-RoPAUcIT-RoPAU aAA.VV. gCodice regista SPICS: 12000 aVIDEOCLIP (24 AGOSTO 1993) - 1 aVIDEOCLIP (24 AGOSTO 1993) - 1cDiretto da: AA.VV. pVIDEOCLIP (24 AGOSTO 1993) - 1 (Rif. Codice opera principale : B8791) aEdizione Standard aROMA (ITALIA)bSPICS RECORDS / g"1993 (1° ed.: 1993 ; Ed. Lingua Orig.: 1993)" aVHSbsonoro, col.c180 minuti aPAL, STEREO aVIDEOMUSICeTV - VIDEOCLIP [VHS]xCodice MATERIA SPICS: 9969 aAA.VV. e(regista/i)gCodice regista SPICS: 12000